Biblioteca

Antropología de la pobreza : Cinco familias / Oscar Lewis ; Emma Sánchez Ramírez, Traductor (Registro nro. 39922)

Detalles MARC
000 -LÍDER
Campo fijo de descripción fija 006020000a22001810004500
041 0# - CÓDIGO DE IDIOMA
Código de idioma para texto/pista de sonido o título separado
082 04 - NÚMERO DE CLASIFICACIÓN DECIMAL DEWEY
Número de clasificación G 572 L6731a
001 - NÚMERO DE CONTROL
Campo de control 10347
100 1# - ASIENTO PRINCIPAL--NOMBRE PERSONAL
Nombre personal Lewis, Oscar (1914-1970)
245 10 - TÍTULO
Título del Material Antropología de la pobreza : Cinco familias / Oscar Lewis ; Emma Sánchez Ramírez, Traductor
260 ## - PUBLICACIÓN, DISTRIBUCIÓN, ETC. (PIE DE IMPRENTA)
Lugar de publicación, distribución, etc. Bogotá, Colombia : Fondo de Cultura Económica
300 ## - DESCRIPCIÓN FÍSICA
Extensión 302 Pag
336 ## - CONTENT TYPE
Content type term texto
Content type code txt
Source rdacontent
337 ## - MEDIA TYPE
Source rdamedia
Media type term sin mediación
Media type code n
338 ## - CARRIER TYPE
Source rdacarrier
Carrier type term volumen
Carrier type code nc
500 ## - NOTA GENERAL
Nota General Título original : Five families : Mexican case studies in the culture of poverty
942 ## - TIPO DE MATERIAL (KOHA)
Tipo de Item KOHA Libros General
Existencias
Estado de Material Estado de Perdido Estado de Dañado No para Préstamo Colección Tomo Biblioteca de Origen Biblioteca Permanente Fecha de Adquisición Total de Préstamos Total de Renovaciones Signatura Topográfica Código de Barras Última vez visto Última vez Préstado Ejemplar/Existencia Fecha de Remplazo Tipo de Material
        Colección General   Biblioteca FUSBC Biblioteca FUSBC 21/01/2005 2 1 G 572 L6731a 9722 26/07/2022 20/04/2022 1 26/01/2016 Libros General

Biblioteca FUSBC | Teléfono: (57+4) 349 88 10 Ext. 141| WhatsApp (+57) 3005338115 
E-mail: biblioteca@unisbc.edu.co | Calle 76 87-14 Robledo Palenque, Medellín, Colombia

Con tecnología Koha